000 00418nam a2200169Ia 4500
008 151018s9999 xx 000 0 und d
082 _bRBASDV8473
_a824
100 _aJ. Maurus
245 _aAnecdotes of the Great
260 _bSt Paul Pub.
_c1959
300 _a175
600 _aJ. Maurus
630 _aAnecdotes of the Great
700 _aJ. Maurus
730 _aAnecdotes of the Great
942 _cBOOK
999 _c1010837
_d1010834